[Event "Monaco MNC"]
[Site "Monaco MNC"]
[Date "1995.??.??"]
[Round "?"]
[White "Anand, Viswanathan"]
[Black "Polgar, Judit"]
[Result "1-0"]
[WhiteElo "2715"]
[BlackElo "2630"]
[PlyCount "52"]
[EventDate "1995.??.??"]
[Source "www.chesslib.no"]
[SourceDate "2004.05.04"]

1. e4 c5 2. Nf3 e6 3. d4 cxd4 4. Nxd4 Qb6 5. Nb3 a6 6. Nc3 Qc7 7. Be2 Nf6 8. O-O b5 9. Bf3 Nc6 10. g3 Bb7 11. Bg2 d6 12. Re1 Be7 13. a4 b4 14. Na2 O-O 15. Bf4 Rfd8 16. Qd2 Rab8 17. e5 Nxe5 18. Kh1 Be4 19. Na5 Qa7 20. Re2 Nc6 21. Rf1 Bd3 22. Bg5 Qc5 23. Re3 Rb7 24. Re4 Rb6 25. c3 Rb5 26. axb5 axb5 1-0

[Event "WchT 4th"]
[Site "Luzern"]
[Date "1997.??.??"]
[Round "1"]
[White "Svidler, Peter"]
[Black "Rodriguez Cespedes, Amador"]
[Result "1-0"]
[WhiteElo "2660"]
[BlackElo "2545"]
[PlyCount "49"]
[EventDate "1997.10.??"]
[Source "ChessBase"]
[SourceDate "1998.01.31"]

1. e4 c5 2. Nf3 e6 3. d4 cxd4 4. Nxd4 Nf6 5. Nc3 Bb4 6. e5 Nd5 7. Bd2 Nxc3 8. bxc3 Be7 9. Qg4 O-O 10. Bh6 g6 11. Bxf8 Bxf8 12. Qg3 Qa5 13. f4 d6 14. exd6 Bxd6 15. Rd1 e5 16. Nb5 exf4 17. Qg5 Bf8 18. Bc4 Qb6 19. Qxf4 Be6 20. Nc7 Bxc4 21. Qxc4 Qe3+ 22. Kf1 Bc5 23. Rd8+ Kg7 24. Ne8+ Kf8 25. Nd6+ 1-0

[Event "6th Festival Gp A"]
[Site "Nancy FRA"]
[Date "2008.02.18"]
[Round "1"]
[White "Landa, K."]
[Black "Sikula, V."]
[Result "1-0"]
[WhiteElo "2641"]
[BlackElo "2550"]
[PlyCount "75"]
[EventDate "2008.02.18"]
[Source "www.chesslib.no"]
[SourceDate "2004.05.04"]

1. e4 c5 2. Nf3 e6 3. d4 cxd4 4. Nxd4 Qb6 5. Nc3 Bc5 6. Na4 Qa5+ 7. c3 Bxd4 8. Qxd4 Nf6 9. Nc5 Qc7 10. e5 Nc6 11. Qd6 Qxd6 12. exd6 b6 13. Na6 Bxa6 14. Bxa6 Ne4 15. Bf4 g5 16. Be3 f5 17. Rd1 f4 18. Bc1 O-O 19. f3 Nf6 20. Kf2 h6 21. Rhe1 Rab8 22. a4 Nh5 23. b4 Ng7 24. Re4 Ne8 25. Bb5 Rc8 26. Rc4 Nf6 27. Ba6 Rcd8 28. Bd2 Ne5 29. Rc7 Ne8 30. Rxa7 Nxd6 31. Bxf4 Ne4+ 32. fxe4 Rxf4+ 33. Kg1 Rxe4 34. Rb7 Re3 35. Rxb6 Rxc3 36. Rxe6 Nc6 37. Rxh6 Nxb4 38. Bb5 1-0

[Event "ch-AZE"]
[Site "Baku AZE"]
[Date "2008.01.22"]
[Round "3"]
[White "Mamedov, Rau"]
[Black "Guliyev, N."]
[Result "1-0"]
[WhiteElo "2583"]
[BlackElo "2570"]
[PlyCount "95"]
[EventDate "2008.01.19"]
[Source "www.chesslib.no"]
[SourceDate "2004.05.04"]

1. e4 c5 2. Nf3 e6 3. d4 cxd4 4. Nxd4 Nf6 5. Bd3 Nc6 6. Nxc6 dxc6 7. Qe2 e5 8. Nd2 Be7 9. Nc4 Qc7 10. O-O Be6 11. Kh1 b5 12. Ne3 O-O 13. g4 g6 14. Rg1 Kh8 15. b3 Bc5 16. Qf3 Nd7 17. Bb2 f6 18. Qg3 Qd6 19. Rad1 Qe7 20. Be2 Ba3 21. Ba1 Nc5 22. f3 Rae8 23. g5 Bc8 24. c4 a6 25. cxb5 axb5 26. Nc2 Nd7 27. gxf6 Nxf6 28. Nxa3 Qxa3 29. Bxe5 Qxa2 30. Rd6 Qxe2 31. Bxf6+ Kg8 32. Re1 Qc2 33. Bd4 Rf7 34. Rg1 Kf8 35. Be3 Qc3 36. Bh6+ Ke7 37. Rf1 Be6 38. Rdd1 Qc5 39. Qh4+ Rf6 40. Bg5 Qe5 41. Qxh7+ Bf7 42. Qh4 Be6 43. Rde1 Bxb3 44. f4 Qd4 45. f5 Bc4 46. fxg6 Bxf1 47. Rxf1 Ref8 48. g7 1-0

[Event "Ubeda op"]
[Site "Ubeda"]
[Date "1996.??.??"]
[Round "?"]
[White "Korneev, Oleg"]
[Black "Ivanov, Sergey"]
[Result "1/2-1/2"]
[WhiteElo "2590"]
[BlackElo "2545"]
[PlyCount "96"]
[EventDate "1996.01.??"]
[Source "ChessBase"]

1. e4 c5 2. Nf3 e6 3. d4 cxd4 4. Nxd4 Qb6 5. Nb3 Qc7 6. Nc3 a6 7. Bd3 b5 8. O-O Bb7 9. f4 Nf6 10. Qe2 d6 11. a4 b4 12. Nd1 Nbd7 13. Nf2 Nc5 14. Nxc5 dxc5 15. b3 Be7 16. Ng4 Nxg4 17. Qxg4 Bf6 18. e5 Be7 19. Qe2 g6 20. Bb2 Qc6 21. Rae1 Rd8 22. Be4 Qxe4 23. Qxe4 Bxe4 24. Rxe4 Rd5 25. Bc1 Kd7 26. Be3 Kc6 27. Kf2 Rhd8 28. Ke2 h5 29. g3 a5 30. h3 Rb8 31. Rc1 Rbd8 32. Rg1 Rh8 33. Rg2 Kb7 34. Rf2 Kc6 35. Rc4 Rhd8 36. Rf1 Rb8 37. Rc1 Rbd8 38. c3 bxc3 39. R1xc3 Rb8 40. Kf3 Rb4 41. Ke4 Rd1 42. Rxb4 axb4 43. Rc1 Rxc1 44. Bxc1 Bd8 45. Bd2 Bb6 46. Be1 Ba5 47. Bf2 Bb6 48. Be1 Ba5 1/2-1/2

[Event "RUS-Cup4"]
[Site "Perm"]
[Date "1997.02.15"]
[Round "8"]
[White "Dvoirys, Semen I"]
[Black "Neverov, Valeriy"]
[Result "1-0"]
[WhiteElo "2590"]
[BlackElo "2530"]
[PlyCount "97"]
[EventDate "1997.02.02"]
[Source "ChessBase"]

1. e4 c5 2. Nf3 e6 3. d4 cxd4 4. Nxd4 Qb6 5. c3 Nc6 6. Nd2 Nxd4 7. Nc4 Qc6 8. Qxd4 Nf6 9. e5 Bc5 10. Nd6+ Bxd6 11. exd6 O-O 12. Bf4 Nd5 13. Bg3 b5 14. Be2 Bb7 15. Bf3 Rfc8 16. O-O a5 17. a4 b4 18. cxb4 axb4 19. b3 Qc3 20. Be5 f6 21. Qxc3 bxc3 22. Bd4 e5 23. Bb6 f5 24. Bxd5+ Bxd5 25. b4 Rc4 26. Bc5 Kf7 27. a5 Be4 28. f3 Bd3 29. Rfc1 c2 30. Ra3 e4 31. Kf2 Ke6 32. Ke3 Kd5 33. a6 g5 34. a7 f4+ 35. Kd2 h5 36. Rc3 g4 37. Re1 Rxc3 38. Kxc3 h4 39. fxg4 h3 40. gxh3 Ke6 41. h4 Kd5 42. h5 Be2 43. Kxc2 Bxg4 44. Rg1 Bf3 45. Rg7 e3 46. Rf7 Be4+ 47. Kc3 e2 48. Kd2 f3 49. Rxd7 1-0

[Event "Dubai op"]
[Site "Dubai"]
[Date "2002.04.17"]
[Round "3"]
[White "Vokarev, Sergey"]
[Black "Sulskis, Sarunas"]
[Result "0-1"]
[WhiteElo "2517"]
[BlackElo "2577"]
[PlyCount "150"]
[EventDate "2002.04.15"]
[Source "ChessBase"]
[SourceDate "2002.05.03"]

1. e4 c5 2. Nf3 e6 3. d4 cxd4 4. Nxd4 Nf6 5. Nc3 Bb4 6. e5 Nd5 7. Bd2 Nxc3 8. bxc3 Be7 9. Bd3 d6 10. exd6 Qxd6 11. O-O Nd7 12. Be3 a6 13. Nb3 Qc7 14. c4 b6 15. Rb1 Bb7 16. Qh5 Rc8 17. Rfe1 Bf6 18. Bd4 Kf8 19. Bxf6 Nxf6 20. Qh4 h6 21. h3 Ba8 22. Qd4 Ke7 23. Nd2 Rb8 24. Qc3 Qd6 25. Nb3 Rhc8 26. Bf1 Kf8 27. a4 Ne4 28. Qd3 Qf4 29. Qe3 Qxe3 30. Rxe3 a5 31. f3 Nf6 32. c5 bxc5 33. Ra1 c4 34. Nxa5 Bd5 35. Rc3 Rc5 36. Nxc4 Rbc8 37. a5 Bxc4 38. a6 Bd5 39. Rxc5 Rxc5 40. a7 Rc8 41. Rb1 Ra8 42. c4 Bc6 43. Rb6 Bxf3 44. gxf3 Rxa7 45. Kf2 Nd7 46. Rb2 Ke7 47. h4 f5 48. Kg3 g5 49. hxg5 hxg5 50. Rc2 Nc5 51. Rb2 Ra3 52. Kf2 Kd6 53. Rd2+ Ke5 54. Be2 g4 55. Rc2 gxf3 56. Bxf3 Kf4 57. Bg2 e5 58. Bd5 e4 59. Kg2 Nd3 60. Kf1 Ra1+ 61. Ke2 Rh1 62. Rc3 Rh2+ 63. Kf1 Ke3 64. Kg1 Rh7 65. Rc2 Ne1 66. Rc3+ Kd4 67. Rc1 Nf3+ 68. Kf2 f4 69. Rd1+ Ke5 70. Ba8 Rh2+ 71. Kf1 Rh1+ 72. Ke2 Nd4+ 73. Kd2 e3+ 74. Kc1 Rh2 75. Re1 Ra2 0-1

[Event "Carlos Torre op 13th"]
[Site "Merida"]
[Date "2000.12.19"]
[Round "6"]
[White "Volzhin, Alexander"]
[Black "Gonzalez, Juan Carlos"]
[Result "1/2-1/2"]
[WhiteElo "2556"]
[BlackElo "2531"]
[PlyCount "100"]
[EventDate "2000.12.15"]
[Source "ChessBase"]
[SourceDate "2001.01.11"]

1. e4 c5 2. Nf3 e6 3. d4 cxd4 4. Nxd4 Qb6 5. Nb5 a6 6. Be3 Qa5+ 7. N5c3 d6 8. Nd2 Nd7 9. Bd3 Ngf6 10. O-O Qc7 11. f4 b6 12. Qf3 Bb7 13. Kh1 Be7 14. Rae1 h5 15. Bg1 h4 16. h3 O-O-O 17. Qe2 Nh5 18. Bh2 Nc5 19. b4 Nxd3 20. cxd3 Kb8 21. Rc1 Rc8 22. Nb3 Qd7 23. Qe3 Bf6 24. Ne2 Rxc1 25. Rxc1 Qb5 26. Bg1 Qxb4 27. Qxb6 Qxb6 28. Bxb6 Rc8 29. Rxc8+ Bxc8 30. Kg1 Bd7 31. Kf2 Bb5 32. Ke3 Kb7 33. Ba5 g5 34. Bb4 Kc7 35. fxg5 Bxg5+ 36. Kd4 e5+ 37. Kc3 f5 38. Nd2 Nf6 39. Nc4 fxe4 40. Bxd6+ Kd7 41. Nxe5+ Kxd6 42. Nf7+ Kc5 43. Nxg5 Bxd3 44. Ne6+ Kd6 45. N6f4 Bxe2 46. Nxe2 Ke5 47. g3 Nd5+ 48. Kc4 hxg3 49. Nxg3 e3 50. Kd3 Nf4+ 1/2-1/2

[Event "Corr"]
[Site "?"]
[Date "1996.11.01"]
[Round "?"]
[White "Prizant Michael (ENG)"]
[Black "Reynolds Prof.Robert I.(USA)"]
[Result "1-0"]
[WhiteElo "2515"]
[BlackElo "2565"]
[PlyCount "55"]
[EventDate "1996.??.??"]
[Source "www.chesslib.no"]
[SourceDate "2004.05.04"]

1. e4 c5 2. Nf3 e6 3. d4 cxd4 4. Nxd4 Nf6 5. Nc3 Bb4 6. e5 Nd5 7. Bd2 Nxc3 8. bxc3 Be7 9. Qg4 O-O 10. Bh6 g6 11. h4 Qa5 12. Qg3 d6 13. exd6 Bf6 14. O-O-O e5 15. Nb3 Qxa2 16. Bd3 Qa3+ 17. Kb1 Be6 18. Bc1 Qa4 19. Rde1 Rc8 20. Re4 Qd7 21. h5 Bxb3 22. hxg6 Ba2+ 23. Kxa2 hxg6 24. Reh4 Bg7 25. Bh6 Nc6 26. Bxg7 Kxg7 27. Rh7+ Kf8 28. Bc4 1-0

[Event "Elista ol (Men)"]
[Site "Elista"]
[Date "1998.10.12"]
[Round "13"]
[White "Saltaev, Mihail"]
[Black "Sulskis, Sarunas"]
[Result "1/2-1/2"]
[WhiteElo "2525"]
[BlackElo "2555"]
[PlyCount "58"]
[EventDate "1998.09.29"]
[Source "ChessBase"]
[SourceDate "1998.11.06"]

1. e4 c5 2. Nf3 e6 3. d4 cxd4 4. Nxd4 Nf6 5. Nc3 Bb4 6. e5 Nd5 7. Bd2 Nxc3 8. bxc3 Be7 9. Bd3 d6 10. exd6 Qxd6 11. O-O Nd7 12. Rb1 O-O 13. Nb5 Qb8 14. Nd4 Qc7 15. Nb5 Qd8 16. Re1 a6 17. Nd4 Nc5 18. Bf1 Qc7 19. Nb3 b5 20. c4 Bb7 21. Ba5 Qf4 22. Qd4 Qxd4 23. Nxd4 Bf6 24. Nb3 Ne4 25. Bb4 Rfb8 26. Na5 Bd4 27. Nxb7 Nxf2 28. Bc5 Nh3+ 29. Kh1 Nf2+ 1/2-1/2

[Event "Kuopio Open"]
[Site "Kuopio"]
[Date "1992.??.??"]
[Round "6"]
[White "Kuzmin, Gennadi P"]
[Black "Kveinys, Aloyzas"]
[Result "1-0"]
[WhiteElo "2535"]
[BlackElo "2545"]
[PlyCount "75"]
[EventDate "1992.07.??"]
[Source "www.chesslib.no"]
[SourceDate "2004.05.04"]

1. e4 c5 2. Nf3 e6 3. d4 cxd4 4. Nxd4 Qb6 5. Nb3 Qc7 6. Bd3 Nf6 7. O-O d5 8. exd5 Nxd5 9. c4 Nf6 10. Nc3 a6 11. Re1 Bd6 12. Nd5 Nxd5 13. cxd5 O-O 14. Qh5 g6 15. Qh4 Be7 16. Qd4 e5 17. Qxe5 Qxe5 18. Rxe5 Bd6 19. Re1 Nd7 20. Bh6 Rd8 21. Bg5 f6 22. Bd2 Ne5 23. Bf1 b5 24. Rad1 Bb7 25. Bc3 Bc7 26. f4 Bb6+ 27. Bd4 Bxd4+ 28. Rxd4 Nc4 29. d6 Nxd6 30. Nc5 Bc8 31. Ne4 Nf7 32. Nxf6+ Kg7 33. Ne8+ Kh6 34. Rxd8 Nxd8 35. Re7 Bf5 36. g4 Nc6 37. g5+ Kh5 38. Be2+ 1-0

[Event "Pula PCA Open"]
[Site "Pula CRO"]
[Date "1994.??.??"]
[Round "?"]
[White "Kuzmin, Gennadi P"]
[Black "Cvitan, Ognjen"]
[Result "1-0"]
[WhiteElo "2505"]
[BlackElo "2570"]
[PlyCount "69"]
[EventDate "1994.10.??"]
[Source "www.chesslib.no"]
[SourceDate "2004.05.04"]

1. e4 c5 2. Nf3 e6 3. d4 cxd4 4. Nxd4 Nf6 5. Bd3 Nc6 6. Nxc6 dxc6 7. Nd2 e5 8. Nc4 Be6 9. Qe2 Be7 10. O-O Nd7 11. a4 O-O 12. Bd2 a5 13. Bc3 Qc7 14. Kh1 Rfe8 15. g3 Bf8 16. Rg1 b6 17. f4 f6 18. f5 Bf7 19. g4 Bb4 20. g5 Bxc3 21. bxc3 fxg5 22. Rxg5 Bxc4 23. Bxc4+ Kh8 24. Rag1 Re7 25. Qf2 Nf6 26. Qh4 b5 27. Be6 bxa4 28. Rg6 Qa7 29. h3 a3 30. Ba2 Rf8 31. R1g2 Qb8 32. Qg5 h6 33. Qe3 Qd8 34. Kh2 Nh7 35. Qg3 1-0

[Event "Corr"]
[Site "?"]
[Date "1996.11.01"]
[Round "?"]
[White "Sychev Anatoly Viktorovich"]
[Black "Reynolds Prof.Robert I.(USA)"]
[Result "1/2-1/2"]
[WhiteElo "2510"]
[BlackElo "2565"]
[PlyCount "33"]
[EventDate "1996.??.??"]
[Source "www.chesslib.no"]
[SourceDate "2004.05.04"]

1. e4 c5 2. Nf3 e6 3. d4 cxd4 4. Nxd4 Nf6 5. Nc3 Bb4 6. e5 Nd5 7. Qg4 O-O 8. Bh6 g6 9. Qg3 Nc6 10. Nxc6 bxc6 11. Bxf8 Qxf8 12. Bc4 Nxc3 13. bxc3 Ba5 14. Qe3 Bb6 15. Qf4 Ba5 16. Qe3 Bb6 17. Qf4 1/2-1/2

[Event "Corr"]
[Site "?"]
[Date "1996.11.01"]
[Round "?"]
[White "Tomkovich Viktor Vasilyevich"]
[Black "Reynolds Prof.Robert I.(USA)"]
[Result "1-0"]
[WhiteElo "2505"]
[BlackElo "2565"]
[PlyCount "61"]
[EventDate "1996.??.??"]
[Source "www.chesslib.no"]
[SourceDate "2004.05.04"]

1. e4 c5 2. Nf3 e6 3. d4 cxd4 4. Nxd4 Nf6 5. Nc3 Bb4 6. e5 Nd5 7. Bd2 Nxc3 8. bxc3 Be7 9. Qg4 O-O 10. Bh6 g6 11. Bxf8 Bxf8 12. Qg3 d5 13. Be2 Nd7 14. O-O Qc7 15. f4 Nc5 16. c4 Ne4 17. Qe3 Bc5 18. cxd5 exd5 19. Bf3 b5 20. Bxe4 dxe4 21. c3 b4 22. cxb4 Bb6 23. a4 a5 24. Kh1 axb4 25. Nb5 Bxe3 26. Nxc7 Rb8 27. Nd5 Bd4 28. Rab1 e3 29. Ne7+ Kf8 30. Nc6 Bf5 31. Nxd4 1-0

[Event "Cuba"]
[Site "?"]
[Date "2000.??.??"]
[Round "?"]
[White "Dominguez, L."]
[Black "Bruzon, L."]
[Result "0-1"]
[WhiteElo "2505"]
[BlackElo "2565"]
[PlyCount "88"]
[EventDate "2000.??.??"]
[Source "Chess Informant"]
[SourceDate "2000.02.01"]

1. e4 c5 2. Nf3 e6 3. d4 cxd4 4. Nxd4 Qb6 5. Nb5 a6 6. Be3 Qa5+ 7. N5c3 b5 8. Nd2 Qc7 9. a4 b4 10. Ncb1 Bb7 11. Nc4 Nc6 12. Bb6 Qb8 13. Be3 Nf6 14. Nb6 Ra7 15. Be2 Ne5 16. f3 d5 17. f4 Ng6 18. e5 Nh4 19. O-O Nf5 20. exf6 Nxe3 21. Qd4 Nf5 22. fxg7 Bxg7 23. Qxb4 Bf8 24. Qc3 Rg8 25. Bf3 d4 26. Qb3 Nh4 27. Nd2 Nxg2 28. Kh1 Ne3 29. a5 Bc5 30. Rf2 Ke7 31. Ne4 Ng4 32. Rg2 Bxe4 33. Bxe4 Qxf4 34. Bf3 Rc7 35. Re1 Ne3 36. Rf2 Bxb6 37. axb6 Rxc2 38. Ref1 Rxf2 39. Rxf2 Rc8 40. Qa3+ Qd6 41. Qa1 Qxb6 42. Qg1 Qc5 43. Re2 Qf5 44. Rf2 Rc2 0-1

[Event "St Petersburg vs Moscow"]
[Site "?"]
[Date "2005.06.14"]
[Round "1"]
[White "Kobalija Mihail"]
[Black "Kochyev Alexander"]
[Result "1-0"]
[WhiteElo "2644"]
[BlackElo "2417"]
[PlyCount "120"]
[EventDate "2005.??.??"]
[Source "www.chesslib.no"]
[SourceDate "2004.05.04"]

1. e4 c5 2. Nf3 e6 3. d4 cxd4 4. Nxd4 Qb6 5. Nb5 Bc5 6. Qe2 Nc6 7. Nd2 a6 8. Nc4 Qxb5 9. a4 Nd4 10. axb5 Nxe2 11. Bxe2 d5 12. exd5 exd5 13. Be3 Bxe3 14. Nxe3 Nf6 15. O-O d4 16. Nc4 O-O 17. Rfd1 Bf5 18. Rxd4 axb5 19. Rxa8 Rxa8 20. Na3 Bd7 21. f3 Ra4 22. Rxa4 bxa4 23. Kf2 Nd5 24. Bc4 Bc6 25. Nb5 Kf8 26. Bxd5 Bxd5 27. Ke3 Bc6 28. Na7 Bd7 29. Kd4 b6 30. Kd5 Ke7 31. Nc6+ Kf6 32. Nd4 Ke7 33. c3 h6 34. Nc6+ Kf6 35. Kd6 Be8 36. Nd4 g5 37. Kc7 Ke5 38. Kxb6 f5 39. Kc5 h5 40. Nc6+ Kf4 41. Ne7 Ke3 42. Nxf5+ Kf2 43. g4 h4 44. Nd6 Kg2 45. Nxe8 Kxh2 46. f4 gxf4 47. g5 f3 48. Nf6 f2 49. Ng4+ Kg1 50. Nxf2 Kxf2 51. g6 h3 52. g7 h2 53. g8=Q h1=Q 54. Qd5 Qc1 55. Qd4+ Ke2 56. c4 a3 57. bxa3 Qxa3+ 58. Kb5 Qb3+ 59. Kc6 Qa4+ 60. Kc7 Qb4 1-0

[Event "Corr"]
[Site "?"]
[Date "2000.09.01"]
[Round "?"]
[White "Fleetwood Daniel M.(USA)"]
[Black "Stull Norbert"]
[Result "1/2-1/2"]
[WhiteElo "2498"]
[BlackElo "2563"]
[PlyCount "92"]
[EventDate "2000.??.??"]
[Source "www.chesslib.no"]
[SourceDate "2004.05.04"]

1. e4 c5 2. Nf3 e6 3. d4 cxd4 4. Nxd4 Qb6 5. Nb3 Qc7 6. c4 Nf6 7. Nc3 a6 8. Bd3 d6 9. O-O Nbd7 10. f4 Be7 11. Be3 b6 12. Qf3 Bb7 13. Rad1 O-O 14. g4 h6 15. Qh3 Ne8 16. Nd4 Nc5 17. Bc2 Nf6 18. g5 hxg5 19. fxg5 Nh7 20. g6 fxg6 21. Nxe6 Nxe6 22. Qxe6+ Kh8 23. Rf7 Rxf7 24. Qxf7 Rf8 25. Qxg6 Qxc4 26. e5 Qh4 27. Qxh7+ Qxh7 28. Bxh7 Kxh7 29. exd6 Bd8 30. Na4 Bf3 31. Rd2 b5 32. Nc5 Re8 33. Kf2 Bh5 34. Rd4 Rf8+ 35. Ke1 Bf7 36. d7 Bxa2 37. Nb7 Be6 38. h4 a5 39. Bg5 Bxg5 40. hxg5 Bxd7 41. Rxd7 a4 42. Nd6 Rf4 43. Re7 b4 44. Ra7 a3 45. bxa3 bxa3 46. Rxa3 Kg6 1/2-1/2

[Event "JUG-chT"]
[Site "Budva"]
[Date "1996.??.??"]
[Round "4"]
[White "Popovic, Petar"]
[Black "Cabrilo, Goran"]
[Result "1/2-1/2"]
[WhiteElo "2570"]
[BlackElo "2490"]
[PlyCount "22"]
[EventDate "1996.??.??"]
[Source "ChessBase"]

1. e4 c5 2. Nf3 e6 3. d4 cxd4 4. Nxd4 Qb6 5. Nb3 Qc7 6. Bd3 Nf6 7. Nc3 a6 8. Qe2 d6 9. f4 Nbd7 10. Bd2 Be7 11. O-O b5 1/2-1/2

[Event "Nova Gorica"]
[Site "Nova Gorica"]
[Date "1996.??.??"]
[Round "6"]
[White "Grosar, Aljosa"]
[Black "Sveshnikov, Evgeny"]
[Result "1/2-1/2"]
[WhiteElo "2470"]
[BlackElo "2565"]
[PlyCount "35"]
[EventDate "1996.??.??"]
[Source "ChessBase"]

1. e4 c5 2. Nf3 e6 3. d4 cxd4 4. Nxd4 Nf6 5. Nc3 Bb4 6. e5 Nd5 7. Qg4 O-O 8. Bd2 f5 9. Qh3 Nc6 10. Nxc6 bxc6 11. Bc4 Qa5 12. f4 Ba6 13. Bxa6 Qxa6 14. Qd3 Qxd3 15. cxd3 Rfb8 16. Nxd5 cxd5 17. Rb1 d6 18. exd6 1/2-1/2

[Event "Corr"]
[Site "?"]
[Date "1996.11.01"]
[Round "?"]
[White "Carleton John Joseph (ENG)"]
[Black "Reynolds Prof.Robert I.(USA)"]
[Result "1/2-1/2"]
[WhiteElo "2465"]
[BlackElo "2565"]
[PlyCount "83"]
[EventDate "1996.??.??"]
[Source "www.chesslib.no"]
[SourceDate "2004.05.04"]

1. e4 c5 2. Nf3 e6 3. d4 cxd4 4. Nxd4 Nf6 5. Nc3 Bb4 6. e5 Nd5 7. Qg4 O-O 8. Bh6 g6 9. a3 Ba5 10. Nde2 Nc6 11. b4 Bc7 12. Bxf8 Qxf8 13. Nxd5 exd5 14. Qf3 Bxe5 15. Rd1 d6 16. g4 Bd7 17. Bg2 Nd8 18. Nf4 Ne6 19. Nxd5 Bb5 20. Bf1 Bc6 21. Bc4 Rc8 22. h4 b5 23. Bb3 Nf4 24. h5 Rc7 25. hxg6 hxg6 26. g5 Qd8 27. Rg1 Bxd5 28. Bxd5 Rxc2 29. Rg4 Nxd5 30. Rxd5 Qc8 31. Rh4 Rc4 32. Rxc4 bxc4 33. Ra5 Bd4 34. Kd1 c3 35. Qe2 Qc6 36. Kc2 Bb6 37. Rb5 d5 38. a4 a6 39. Rxb6 Qxb6 40. Qe8+ Kg7 41. Qe5+ Kg8 42. Qe8+ 1/2-1/2

[Event "Manresa"]
[Site "?"]
[Date "1995.??.??"]
[Round "?"]
[White "Pablo Marin, A."]
[Black "Epishin, V."]
[Result "0-1"]
[WhiteElo "2390"]
[BlackElo "2640"]
[PlyCount "108"]
[EventDate "1995.??.??"]
[Source "ChessBase"]
[SourceDate "1995.10.01"]

1. e4 c5 2. Nf3 e6 3. d4 cxd4 4. Nxd4 Qb6 5. Nb3 Qc7 6. g3 b6 7. Nc3 a6 8. Bg2 Bb7 9. O-O d6 10. Re1 Nf6 11. Bf4 Nbd7 12. Nd5 Nxd5 13. exd5 e5 14. Nd4 g6 15. Nc6 Bg7 16. b4 O-O 17. Be3 Nb8 18. Nxb8 Raxb8 19. c4 Qxc4 20. Bxb6 Rbc8 21. a3 Bh6 22. Bf1 Qc3 23. Be3 Bxe3 24. Rxe3 Qc7 25. a4 f5 26. a5 f4 27. Re4 fxg3 28. hxg3 Qf7 29. Qd2 Bxd5 30. Rh4 Bb3 31. Rh2 Rc2 32. Qe3 Bc4 33. Bh3 h5 34. Qb6 Qf6 35. Bf1 Bxf1 36. Rxf1 d5 37. Qb7 Qc6 38. Qe7 e4 39. Qg5 Qd6 40. g4 d4 41. gxh5 Rf5 42. Qg4 e3 43. hxg6 Qd5 44. f4 d3 45. Rxc2 dxc2 46. Qh3 Rh5 47. Qc8+ Kg7 48. Qc7+ Kxg6 49. f5+ Rxf5 50. Qxc2 e2 51. Qxe2 Qd4+ 52. Rf2 Rg5+ 53. Kh1 Qh8+ 54. Rh2 Qa1+ 0-1

[Event "Novotel Open "]
[Site "Budapest"]
[Date "2004.08.26"]
[Round "8"]
[White "Lupulescu, Constantin"]
[Black "Papp, Gabor"]
[Result "0-1"]
[WhiteElo "2555"]
[BlackElo "2471"]
[PlyCount "112"]
[EventDate "2004.08.19"]
[Source "Roberto Alvarez"]
[SourceDate "2004.09.21"]

1. e4 c5 2. Nf3 e6 3. d4 cxd4 4. Nxd4 Qb6 5. Nb3 Qc7 6. Bd3 a6 7. O-O d6 8. c4 Nd7 9. f4 Be7 10. Nc3 b6 11. Qf3 Ngf6 12. Be3 Bb7 13. Qh3 g6 14. Rac1 Rc8 15. Rc2 Qb8 16. f5 gxf5 17. exf5 e5 18. Nd2 Qa8 19. Rf2 Rg8 20. Be2 h5 21. Bf3 Ng4 22. Nd5 Nxe3 23. Nxe3 Bxf3 24. Rxf3 Nf6 25. Rg3 Rxg3 26. Qxg3 b5 27. b3 Qa7 28. Kf1 Qd4 29. Ke2 h4 30. Qf3 e4 31. Qf4 d5 32. cxd5 Rxc2 33. Nxc2 Qd3+ 34. Kd1 Nxd5 35. Qb8+ Bd8 36. Kc1 Kd7 37. Qa7+ Bc7 38. g3 h3 39. Qxa6 e3 40. Nf3 Qxc2+ 41. Kxc2 Nb4+ 42. Kd1 Nxa6 43. Ke2 Bb6 44. Ng5 Nb4 45. a4 bxa4 46. bxa4 Ke7 47. Nxh3 Kf6 48. g4 Nc6 49. Ng1 Kg5 50. h3 Kf4 51. Nf3 Nd4+ 52. Nxd4 Bxd4 53. a5 f6 54. a6 Ba7 55. Ke1 Kf3 56. g5 e2 0-1

[Event "Balatonbereny op"]
[Site "Balatonbereny"]
[Date "1996.??.??"]
[Round "8"]
[White "Fogarasi, Tibor"]
[Black "Ionescu, Constantin"]
[Result "0-1"]
[WhiteElo "2500"]
[BlackElo "2525"]
[PlyCount "60"]
[EventDate "1996.06.13"]
[Source "www.chesslib.no"]
[SourceDate "2004.05.04"]

1. e4 c5 2. Nf3 e6 3. d4 cxd4 4. Nxd4 Qb6 5. Nb3 Nf6 6. Nc3 Bb4 7. Bd3 Bxc3+ 8. bxc3 d6 9. O-O Nbd7 10. Kh1 O-O 11. f4 e5 12. Qf3 Qc6 13. Bd2 b6 14. Rae1 Bb7 15. fxe5 dxe5 16. Qg3 Ne8 17. Rf3 f6 18. Qh4 Rf7 19. Rh3 Nf8 20. Qf2 Nd6 21. Rg3 Ng6 22. Qe2 Rc7 23. Qh5 Qa4 24. Nd4 exd4 25. e5 dxc3 26. exd6 cxd2 27. Rg1 Rc5 28. Bf5 Qf4 29. Be6+ Kh8 30. Qh3 Qf2 0-1

[Event "Yerevan ol (Men)"]
[Site "Yerevan"]
[Date "1996.??.??"]
[Round "11"]
[White "Kotsur, Pavel"]
[Black "Zagorskis, Darius"]
[Result "1-0"]
[WhiteElo "2505"]
[BlackElo "2520"]
[PlyCount "65"]
[EventDate "1996.09.??"]
[Source "www.chesslib.no"]
[SourceDate "2004.05.04"]

1. e4 c5 2. Nf3 e6 3. d4 cxd4 4. Nxd4 Qb6 5. Nb3 Qc7 6. Be2 Nf6 7. Nc3 a6 8. O-O b5 9. Be3 Bb7 10. f3 d6 11. a4 b4 12. Na2 d5 13. c3 bxc3 14. Nxc3 Nbd7 15. Rc1 Qb8 16. Na5 dxe4 17. Nxe4 Bd5 18. Qd4 Qe5 19. Qxe5 Nxe5 20. Nc5 Bxc5 21. Bxc5 Kd7 22. b4 Rhb8 23. Rfd1 Ne8 24. f4 Ng6 25. Rxd5+ exd5 26. Bg4+ Kd8 27. Nc6+ Kc7 28. Bd4 f6 29. Nxb8+ Kxb8 30. Bd7 Nd6 31. Bc6 Nxf4 32. Re1 Nd3 33. Re6 1-0

[Event "AUT-chT2S 0102"]
[Site "?"]
[Date "2001.10.07"]
[Round "2.4"]
[White "Rogic Davor"]
[Black "Horvath Csaba"]
[Result "1/2-1/2"]
[WhiteElo "2478"]
[BlackElo "2545"]
[PlyCount "29"]
[EventDate "2001.??.??"]
[Source "www.chesslib.no"]
[SourceDate "2004.05.04"]

1. e4 c5 2. Nf3 e6 3. d4 cxd4 4. Nxd4 Qb6 5. Nb3 Qc7 6. Bd3 Nf6 7. f4 d6 8. c4 g6 9. Nc3 a6 10. Bd2 Bg7 11. g4 Nc6 12. Qe2 Nb4 13. Bb1 O-O 14. a3 Nc6 15. Bc2 1/2-1/2

[Event "Bucuresti"]
[Site "?"]
[Date "1996.??.??"]
[Round "?"]
[White "Istratescu, A."]
[Black "Badea, B."]
[Result "1-0"]
[WhiteElo "2500"]
[BlackElo "2520"]
[PlyCount "65"]
[EventDate "1996.??.??"]
[Source "ChessBase"]
[SourceDate "1996.06.01"]

1. e4 c5 2. Nf3 e6 3. d4 cxd4 4. Nxd4 Qb6 5. Nb3 Nf6 6. Nc3 Bb4 7. Bd3 Bxc3+ 8. bxc3 d6 9. O-O Nbd7 10. Kh1 Qc7 11. Ba3 O-O 12. f4 Rd8 13. e5 Ne8 14. exd6 Qxc3 15. Rf3 Qf6 16. Nd2 g6 17. Nc4 Qg7 18. Bb2 f6 19. Qe1 Nc5 20. Qa5 b6 21. Nxb6 axb6 22. Qxa8 Qd7 23. Qa3 Bb7 24. Rg3 Qxd6 25. Rf1 Ra8 26. Qc3 Ra4 27. Ba3 Qc6 28. Bxc5 bxc5 29. f5 c4 30. fxg6 cxd3 31. gxh7+ Kxh7 32. Qxd3+ Re4 33. Qd8 1-0

[Event "WchT U26"]
[Site "Mexico"]
[Date "1980.??.??"]
[Round "?"]
[White "Dolmatov, Sergey"]
[Black "Mestel, A Jonathan"]
[Result "1/2-1/2"]
[WhiteElo "2535"]
[BlackElo "2485"]
[PlyCount "60"]
[EventDate "1980.08.??"]
[Source "ChessBase"]

1. e4 c5 2. Nf3 e6 3. d4 cxd4 4. Nxd4 Nf6 5. Nc3 Bb4 6. Bd3 e5 7. Nf5 O-O 8. O-O Bxc3 9. bxc3 d5 10. Ng3 Bg4 11. Qe1 Be6 12. exd5 Qxd5 13. c4 Qd4 14. Be3 Qd6 15. f4 exf4 16. Bxf4 Qc6 17. Be5 Nbd7 18. Bd4 Rfe8 19. Qc3 Rac8 20. Bxf6 Nxf6 21. Rxf6 gxf6 22. Ne4 Kf8 23. Qxf6 Red8 24. Qh6+ Ke7 25. Qg5+ Kf8 26. Rf1 Bxc4 27. Bxc4 Qb6+ 28. Kh1 Rxc4 29. Nf6 Rc6 30. Nd5 Rxd5 1/2-1/2